Регионална библиотека "Любен Каравелов" - Русе

Бягай, бягай зайче... (Запис номер 141978)

MARC детайли
000 -Лидер
Контролно поле с фиксирана дължина nam a22 a 4500
003 - Код на организацията, давaща контролен номер
Контролно поле BLK
005 - Дата и час на последна редакция
Контролно поле 20230113140441.0
008 - Елементи от данни с фиксирана дължина
fixed length control field 180409b bul|||||r ||||||| ||bul||
010 ## - Наследен системен номер
LC control number KNG00148054000
040 ## - Източник на каталожния запис
Идентификатор на билиотеката - собственик на записа BLK
041 ## - Код за език
Код за езика на текст/звукозапис или на отделно заглавие Български
Код за езика КДБФ Български
080 ## - УДК
Текстов определител УДК Българска литература
УДК код - определител по УДК 821.163.2
УДК определител -93-1
УДК - код + определител 821.163.2-93-1
100 1# - Редна дума - Автор
Автор Петров, Янаки Иванов
Авторска отговорност първи автор
R(LIN) 327523
139 ## - Редно поле
Редна дума Петров, Янаки Иванов
Авторски знак Петро - П 47
245 10 - Сведения за заглавието
Заглавие Бягай, бягай зайче...
Подзаглавни данни Весели стихотворения : За предучилищна възраст
Редно поле (дума) Янаки Иванов Петров; худож. Мира Лехчанска.
257 ## - Страна на издаване
Страна на създаване/издаване България
260 ## - Област на издателските данни
Име на издателя, разпространителя и проч. Бълг. художник
Година на издаване 1988
Печатница София : ДП Балкан
Място на издаване, разпространение и проч. София
300 ## - Физическа характеристика
Страници 24 с.
Илюстрации и др. с цв. ил.
Размери/Мащаб 22 см
380 ## - Жанр
Жанр Детска худож. лит.
500 ## - Общи забележки
Забележка Офс. изд. - 112 120 тир.
653 ## - Ключова дума – ненормативна
Ключова дума детска литература
653 ## - Ключова дума – ненормативна
Ключова дума литература за деца
700 1# - Други автори (авторска отговорност)
Лично име Лехчанска, Мира
Автороска отговорност (Описва отношението между автора и произведението) худож.
9 (RLIN) 88605
852 ## - Местоположение
Форматна сигнатура Цб 262095
856 4# - Електронен адрес и достъп
Електронен формат pdf - файл
Инструкция (цена за достъп) 0.00
Права за достъп disable
856 4# - Електронен адрес и достъп
Електронен формат pdf - файл
Инструкция (цена за достъп) 0.00
Права за достъп disable
999 ## - СИСТЕМНИ КОНТРОЛНИ НОМЕРА
Koha biblionumber 141978
Koha biblioitemnumber 141978
942 ## - АРТИКУЛИ
Вид на библиотечния материал Книги
Скрит в OPAC Не
Периодичен библиозапис Да
944 ## - СЪЗДАВАНЕ И РЕДАКЦИЯ на ЗАПИСА
Създаване/Редакция Създаване
Дата на регистрацията/редакция 01.08.2013
Статус, дата на статуса 01.08.2013 - от С1,Р / 01.08.2013
Служител, извършил регистрацията/редакцията Симона_Петрова
944 ## - СЪЗДАВАНЕ И РЕДАКЦИЯ на ЗАПИСА
Създаване/Редакция Редакция
Дата на регистрацията/редакция 01.08.2013
Статус, дата на статуса 01.08.2013 - от С1,Р / 01.08.2013
999 ## - СИСТЕМНИ КОНТРОЛНИ НОМЕРА
Koha biblioitemnumber 141978
Наличности
Код за отписване Код за изгубен артикул Източник на класификационната схема Код за повреда Коз за рестрикции Код за отдаване Артикулен № Име на библиотеката - собственик Име на библиотеката, в която се намира в момента Статус (Текущо местоположение) Дата на вписване в системата Местоположение - отдел Цена в лева Инвентарен номер Систематично азбучна сигнатура Баркод Номер на екземпляра Цена в евро Служебна бележка Служебен тип на артикула
  Не е изгубен Universal Decimal Classification Не е повреден без рестрикции ползва се в читалня 234396 Регионална библиотека "Любен Каравелов" Русе Регионална библиотека "Любен Каравелов" Русе Хранилище 1988-01-01 Хранилище 0.58 511031 Цб 262095 120000511031 1 0.30 N: стар фонд Дата: 01.01.1988 Книги
Изтеглен Не е изгубен Universal Decimal Classification Не е повреден без рестрикции заемане за дома 234397 Регионална библиотека "Любен Каравелов" Русе Регионална библиотека "Любен Каравелов" Русе Детски отдел 1988-01-01 Детски отдел 0.58 497054 ДХ 886.7/П 47 497054 2 0.30 N: стар фонд Дата: 01.01.1988 Дата инв: 17.08.2015 Бележки инв: Д2015 Книги
Изтеглен Не е изгубен Universal Decimal Classification Не е повреден без рестрикции заемане за дома 234398 Регионална библиотека "Любен Каравелов" Русе Регионална библиотека "Любен Каравелов" Русе Детски отдел 1988-01-01 Детски отдел 0.58 497055 ДХ 886.7/П 47 497055 3 0.30 N: стар фонд Дата: 01.01.1988 Дата инв: 17.08.2015 Бележки инв: Д2015 Книги
  Не е изгубен Universal Decimal Classification Не е повреден без рестрикции заемане за дома 234399 Регионална библиотека "Любен Каравелов" Русе Регионална библиотека "Любен Каравелов" Русе Детски отдел 1988-01-01 Детски отдел 0.58 497056 ДХ 886.7/П 47 120000497056 4 0.30 N: стар фонд Дата: 01.01.1988 Дата инв: 18.09.2015 Бележки инв: Д2015 Книги
Vip Innovations Ltd, Rousse, Bulgaria 2025